Statistics for The Sopranos Quiz #II

Click here to take the quiz!

General Stats

  • This quiz has been taken 750 times
  • The average score is 9 of 15

Answer Stats

The Sopranos Quiz #IIAnswer% Correct
In the last episode, how many times does Meadow try parking before she succeeds?3
97%
Where was Big Pussy's body disposed?Ocean
95%
How did mistress Gloria Trillo die?Hung herself
87%
Where was Bobby Baccala shot?Model Train Shop
83%
Who's head was replaced by cgi in the series after they died in real life?Livia Soprano
71%
What city in Italy is Furio Giunta from?Naples
70%
What kind of bottle does Tony drop when two gunmen try to assasinate him getting into his car?Orange juice
68%
What was the last thing Karen Baccalieri cooked?Baked Ziti
66%
What band is Silvio Dante (Steven Van Zandt) a part of in real life?Bruce Springsteen's E St. Band
59%
Give the first name of the one legged RussianSvetlana
55%
Name either of Adriana La Cerva's connected unclesJackie Aprile and/or Ritchie Aprile
50%
What is the name of the boat blasting Dean Martin music to harass Sapinsly in the episode Whitecaps?The Stugots
44%
Name the biker gang that Tony and Christopher stole crates of wine fromThe Vipers
41%
Blanca breaks up with AJ during what event?Puerto Rican Day Parade
19%
What awkward and inappropriate thing does Father Phil do one night at the Soprano household when no one is home but Carmella?Slept over
11%

Score Distribution

Percentile by Number Answered

Percent of People with Each Score

Your Score History

You have not taken this quiz